Nommer les molécules (Halogénoalcanes simples) - Statistiques

Statistiques générales
  • Ce quiz a été pris 20 fois
  • Le résultat moyen est 4 sur 7
Statistiques - réponses
Par images Réponse % Correct
2-chloro-2-methyl-pentane
77%
2-chloro-pentane
77%
bromo-cyclohexane
69%
1,1,1-trifluoro-butane
54%
1,3-dibromo-butane
54%
chloro-benzene
46%
bromomethyl-benzene
23%
Aucun quiz correspondant
Distribution des résultats
% des personnes avec chaque résultat
Percentile par nombre de réponses
Votre historique - résultats
Vous n’avez pas pris ce quiz